Bringing Down the Moon / (Record no. 48714)
| 000 -LEADER | |
|---|---|
| fixed length control field | 00473nam a2200133 4500 |
| 020 ## - INTERNATIONAL STANDARD BOOK NUMBER | |
| International Standard Book Number | 9780744575521 |
| 100 ## - MAIN ENTRY--PERSONAL NAME | |
| Personal name | Emmett, Jonathan, |
| Relator term | author. |
| 9 (RLIN) | 65408 |
| 245 ## - TITLE STATEMENT | |
| Title | Bringing Down the Moon / |
| Statement of responsibility, etc | By Jonathan Emmett, Illustrated by Vanessa Cabban. |
| 260 ## - PUBLICATION, DISTRIBUTION, ETC. (IMPRINT) | |
| Place of publication, distribution, etc | London : |
| Name of publisher, distributor, etc | Walker Books ; |
| Date of publication, distribution, etc | 2002. |
| 300 ## - PHYSICAL DESCRIPTION | |
| Extent | 32 pages. |
| Dimensions | 17.1 x 0.3 x 21.7 cm. |
| 490 ## - SERIES STATEMENT | |
| Series statement | Mole and Friends |
| 650 ## - SUBJECT ADDED ENTRY--TOPICAL TERM | |
| 9 (RLIN) | 83398 |
| Topical term or geographic name as entry element | Animals. Kindness. Friendship. Conduct of life. |
| Form subdivision | Juvenile fiction |
| 942 ## - ADDED ENTRY ELEMENTS (KOHA) | |
| Source of classification or shelving scheme | |
| Koha item type | Book |
| Withdrawn status | Lost status | Source of classification or shelving scheme | Damaged status | Not for loan | Home library | Current library | Date acquired | Total Checkouts | Full call number | Barcode | Date last seen | Date checked out | Price effective from | Koha item type |
|---|---|---|---|---|---|---|---|---|---|---|---|---|---|---|
| Logos International School | Logos International School | 03/24/2025 | 1 | E EMM | 040559 | 04/09/2025 | 04/04/2025 | 03/24/2025 | Book |